Հայաստանի նկարիչների միություն : (Record no. 3491)
[ view plain ]
| 000 -LEADER | |
|---|---|
| fixed length control field | 01163nam a2200265 a 4500 |
| 001 - CONTROL NUMBER | |
| control field | 000013698 |
| 003 - CONTROL NUMBER IDENTIFIER | |
| control field | AM-YEHGA |
| 005 - DATE AND TIME OF LATEST TRANSACTION | |
| control field | 20250916140753.0 |
| 008 - FIXED-LENGTH DATA ELEMENTS--GENERAL INFORMATION | |
| fixed length control field | 030320s2002 ai ac||gr|||||000|||arm|| |
| 020 ## - INTERNATIONAL STANDARD BOOK NUMBER | |
| International Standard Book Number | 99930-950-0-1 |
| 040 ## - CATALOGING SOURCE | |
| Original cataloging agency | AM-YeHGA |
| 041 0# - LANGUAGE CODE | |
| Language code of text/sound track or separate title | arm |
| 245 00 - TITLE STATEMENT | |
| Title | Հայաստանի նկարիչների միություն : |
| Remainder of title | (Ժամանակակից կերպարվեստ) / |
| Statement of responsibility, etc. | Առաջաբ.՝ Ա. Ավագյան; Խմբ. կազմ.՝ Կ. Աղամյան; ՀՀ Նկ. միություն. |
| 246 15 - VARYING FORM OF TITLE | |
| Title proper/short title | Союз художников Армении |
| 246 15 - VARYING FORM OF TITLE | |
| Title proper/short title | Artists' Union of Armenia |
| 260 ## - PUBLICATION, DISTRIBUTION, ETC. | |
| Place of publication, distribution, etc. | Երևան : |
| Name of publisher, distributor, etc. | Էդիթ Պրինտ, |
| Date of publication, distribution, etc. | 2002. |
| 300 ## - PHYSICAL DESCRIPTION | |
| Extent | 206 էջ : |
| Other physical details | գուն. նկ., դիմանկ. ; |
| Dimensions | 30 սմ. |
| 500 ## - GENERAL NOTE | |
| General note | Նվ. է ՀՀ նկարիչների միության 70-ամյակին: |
| 650 14 - SUBJECT ADDED ENTRY--TOPICAL TERM | |
| Topical term or geographic name entry element | Կերպարվեստ |
| General subdivision | Կատալոգ |
| Geographic subdivision | Հայաստան |
| 653 0# - INDEX TERM--UNCONTROLLED | |
| Uncontrolled term | Հայ նկարիչներ |
| 700 1# - ADDED ENTRY--PERSONAL NAME | |
| Personal name | Ավագյան, Արթուր |
| Relator term | առաջաբ. |
| Relationship | aui |
| 9 (RLIN) | 6092 |
| 700 1# - ADDED ENTRY--PERSONAL NAME | |
| Personal name | Աղամյան, Կարեն Գուրգենի, |
| Dates associated with a name | 1945- |
| Relator term | խմբ. |
| Relationship | edt |
| 9 (RLIN) | 3070 |
| 710 2# - ADDED ENTRY--CORPORATE NAME | |
| Corporate name or jurisdiction name as entry element | Նկարիչների միություն ՀՀ |
| 942 ## - ADDED ENTRY ELEMENTS (KOHA) | |
| Source of classification or shelving scheme | Universal Decimal Classification |
| Koha item type | Գրքեր / Books |
| Withdrawn status | Lost status | Damaged status | Not for loan | Collection | Home library | Current library | Date acquired | Total checkouts | Full call number | Barcode | Date last seen | Copy number | Cost, replacement price | Price effective from | Koha item type | Public note | Source of classification or shelving scheme |
|---|---|---|---|---|---|---|---|---|---|---|---|---|---|---|---|---|---|
| General | Fundamental Scientific Library | Fundamental Scientific Library | 21/12/2016 | AIII/7550 | 230007550 | 21/12/2016 | 75(479.25) | 5000.00 | 21/12/2016 | Գրքեր / Books | 30 Days Loan | ||||||
| General | Fundamental Scientific Library | Fundamental Scientific Library | 21/12/2016 | AIII/7807 | FL0128139 | 21/12/2016 | 75(479.25) | 5000.00 | 21/12/2016 | Գրքեր / Books | 30 Days Loan | ||||||
| General | Fundamental Scientific Library | Fundamental Scientific Library | 12/08/2025 | AIII/9877 | FL0695058 | 10/09/2025 | 10/09/2025 | Գրքեր / Books | 30 Days Loan | Universal Decimal Classification |
ՀՀ Գիտությունների ազգային ակադեմիայի հիմնարար գիտական գրադարան = Fundamental Scientific Library of NAS RA
All site content, except where otherwise noted, is licensed under a